CASA DEL TAPPETO GIALLO (LA) (Record n. 105030)
[ formato base ]
| 000 -LEADER | |
|---|---|
| fixed length control field | 02306agaaa2200313 4500 |
| 001 - CONTROL NUMBER | |
| control field | 6187 |
| 003 - CONTROL NUMBER IDENTIFIER | |
| control field | IT-RoPAU |
| 005 - DATE AND TIME OF LATEST TRANSACTION | |
| control field | 20220918181228.0 |
| 007 - PHYSICAL DESCRIPTION FIXED FIELD--GENERAL INFORMATION | |
| fixed length control field | d cvaizq |
| 008 - FIXED-LENGTH DATA ELEMENTS--GENERAL INFORMATION | |
| fixed length control field | 50131s9999||||xx ||| | || ||und|| |
| 040 ## - CATALOGING SOURCE | |
| Original cataloging agency | IT-RoPAU |
| Transcribing agency | IT-RoPAU |
| 041 ## - LANGUAGE CODE | |
| Language code of text/sound track or separate title | ITALIANO |
| 100 ## - MAIN ENTRY--PERSONAL NAME | |
| Personal name | Lizzani Carlo |
| Miscellaneous information | Codice regista SPICS: 4574 |
| 9 (RLIN) | 37071 |
| 130 ## - MAIN ENTRY--UNIFORM TITLE | |
| Uniform title | CASA DEL TAPPETO GIALLO (LA) |
| 9 (RLIN) | 39069 |
| 245 ## - TITLE STATEMENT | |
| Title | CASA DEL TAPPETO GIALLO (LA) |
| Statement of responsibility, etc. | Prodotto da: Bandini Filiberto -- Sceneggiatura: Battistrada Lucio Bandini Filiberto -- Diretto da: Lizzani Carlo |
| Name of part/section of a work | CASA DEL TAPPETO GIALLO (LA) (Rif. Codice opera principale : 26187) |
| 250 ## - EDITION STATEMENT | |
| Edition statement | Edizione Standard |
| 260 ## - PUBLICATION, DISTRIBUTION, ETC. (IMPRINT) | |
| Place of publication, distribution, etc. | (ITALIA) |
| Name of publisher, distributor, etc. | R.P.A. - RAI RADIOTELEVISIONE IT. / Distribuzione: RAI |
| Date of manufacture | "1983 (1° ed.: 1984 ; Ed. Lingua Orig.: 1983)" |
| 300 ## - PHYSICAL DESCRIPTION | |
| Extent | VHS |
| Other physical details | sonoro, col. |
| Dimensions | 89 minuti |
| 508 ## - CREATION/PRODUCTION CREDITS NOTE | |
| Creation/production credits note | "Fotografia: Giustini Giuliano; Montaggio: Cipriani Angela; Musica: Cipriani Stelvio; Sceneggiatura: Battistrada Lucio Bandini Filiberto; Scenografia: Ricci Poccetto Elena; " |
| 511 ## - PARTICIPANT OR PERFORMER NOTE | |
| Participant or performer note | "Josephson Erland; Romand Beatrice; Mezzogiorno Vittorio; Vukotic Milena" |
| 520 ## - SUMMARY, ETC. | |
| Summary, etc. | LA VITA DI FRANCA E ANTONIO UNA GIOVANE COPPIA DI SPOSI E' TURBATA DAGLI INCUBI NOTTURNI DI LEI CHE NEL SONNO SOGNA DI AVERE RAPPORTI INTIMI COL SUO PATRIGNO PROVOCANDO IN QUESTO MODO LA GELOSIA DEL MARITO ANTONIO ORGANIZZA COSI' UN'ESPERIENZA ALLUCINANTE AIUTATO DA DUE ATTORI PSICHIATRI PER CERCARE DI GUARIRE LA MOGLIE DAI SUOI INCUBI NEL CONGEDARSI PERO' UNO DEI DUE PSICHIATRI CONSEGNA DI NASCOSTO DELL'ALTRO UNA PILLOLA NEL CASO SI DOVESSE RIPRESENTARE UNA CRISI MA LA PILLOLA E' UN POTENTE VELENO IN QUANTO IL PROFESSORE E' UN EX-INTERNATO PER UXORICIDIO IN UN MANICOMIO CRIMINALE LIBERATO E SOTTO TUTELA DELLA SUA AIUTANTE QUANDO DURANTE LA NOTTE ANTONIO ASSISTERA' ALL'ENNESIMA CRISI DELLA MOGLIE E SI ACCORGERA' CHE E' FINALMENTE GUARITA PRENDERA' LUI STESSO LA PILLOLA E MORIRA' FILM GIALLO THRILLING |
| 538 ## - SYSTEM DETAILS NOTE | |
| System details note | PAL, STEREO |
| 546 ## - LANGUAGE NOTE | |
| Language note | ITALIANO |
| 650 ## - SUBJECT ADDED ENTRY--TOPICAL TERM | |
| Topical term or geographic name as entry element | THRILLING |
| Relator term | FILMS [VHS] |
| General subdivision | Codice MATERIA SPICS: 9960 |
| 9 (RLIN) | 39070 |
| 700 ## - ADDED ENTRY--PERSONAL NAME | |
| Personal name | Cipriani Stelvio |
| Relator term | (musica) |
| Miscellaneous information | Codice Musica SPICS: 10828 |
| 9 (RLIN) | 39071 |
| 700 ## - ADDED ENTRY--PERSONAL NAME | |
| Personal name | Lizzani Carlo |
| Relator term | (regista) |
| Miscellaneous information | Codice regista SPICS: 4574 |
| 9 (RLIN) | 37071 |
| 700 ## - ADDED ENTRY--PERSONAL NAME | |
| Personal name | Selleri Aldo |
| Relator term | (soggetto) |
| Miscellaneous information | Codice Soggetto SPICS: 25384 |
| 9 (RLIN) | 39072 |
| 942 ## - ADDED ENTRY ELEMENTS (KOHA) | |
| Koha item type | VHS - VIDEO |
| Source of classification or shelving scheme | Dewey Decimal Classification |
| Withdrawn status | Lost status | Damaged status | Not for loan | Home library | Current library | Date acquired | Total Checkouts | Full call number | Date last seen | Price effective from | Koha item type | Public note |
|---|---|---|---|---|---|---|---|---|---|---|---|---|
| Buone Condizioni | Not For Loan | SPICS-MEDIATECA | SPICS-MEDIATECA | 31/01/2015 | 26187 | 31/01/2015 | 31/01/2015 | VHS - VIDEO | Progr. Ins.: 1603 / N.Vol.:1 / Copie: 1 / Pag.: / Copia rara: NO / date import: 1.2.2015 / By Epidotti, Trombetti, Vaglietti |